Countries bordering China and Brazil - World Map Sudden Death - Statistics

General Stats
  • This quiz has been taken 410 times
  • The average score is 10 of 15
Answers on the Grid
Answers color-coded by a green-red scale on the quiz's grid according to % correct below.
 
Answer Stats
Answer % Correct
Russia, Mongolia, North Korea
82%
Russia, Mongolia, India, Nepal +7
81%
Peru, Bolivia, Paraguay, Argentina
80%
Colombia, Venezuela, Guyana +3
79%
India, Myanmar, Laos, Vietnam
78%
Argentina, Uruguay
77%
Russia
75%
Kazakhstan, Mongolia, Russia
73%
Russia, Kyrgyzstan, Tajikistan, India +3
71%
Kazakhstan, Russia
68%
Russia
56%
Russia
56%
India
47%
France (French Guyana border with Brazil)
44%
Russia
24%
No matching quizzes found
Score Distribution
Percent of People with Each Score
Percentile by Number Answered
Your Score History
You have not taken this quiz